000 00506nam a2200181Ia 4500
005 20250326130226.0
008 250326s9999 xx 000 0 und d
037 _aTextbook
040 _aFMSL
_beng
_cFMSL
041 _aeng
_2eng
084 _aX:8L:14 L1
_qFMSL
100 _aGatherer A
_9740282
245 0 _aManagement the health service
_cGatherer A; Warren M D
260 _aLondon
_bLondon, Pergamon
_c1971
300 _a175p
942 _cTB
_hX:8L:14 L1
999 _c1281538
_d1281538